<?xml version="1.0" encoding="UTF-8"?>
<record
    xmlns:xsi="http://www.w3.org/2001/XMLSchema-instance"
    xsi:schemaLocation="http://www.loc.gov/MARC21/slim http://www.loc.gov/standards/marcxml/schema/MARC21slim.xsd"
    xmlns="http://www.loc.gov/MARC21/slim">

  <leader>01342nam a2200145   4500</leader>
  <controlfield tag="008">700.74 SA175s</controlfield>
  <datafield tag="020" ind1=" " ind2=" ">
    <subfield code="a">9789968589123</subfield>
  </datafield>
  <datafield tag="082" ind1=" " ind2=" ">
    <subfield code="a">700.74</subfield>
    <subfield code="b">SA175s</subfield>
  </datafield>
  <datafield tag="100" ind1=" " ind2=" ">
    <subfield code="a">Vanel, Herv&#xE9; et al</subfield>
    <subfield code="9">7079</subfield>
  </datafield>
  <datafield tag="245" ind1=" " ind2=" ">
    <subfield code="a">Sal&#xF3;n Nacional de Artes Visuales 2017</subfield>
  </datafield>
  <datafield tag="260" ind1=" " ind2=" ">
    <subfield code="a">San Jos&#xE9;, Costa Rica </subfield>
    <subfield code="b">Museo de Arte Costarricense </subfield>
    <subfield code="c">2018</subfield>
  </datafield>
  <datafield tag="300" ind1=" " ind2=" ">
    <subfield code="a">92 p.</subfield>
    <subfield code="b">il. (col)</subfield>
    <subfield code="c">28 x 21,5 cm</subfield>
  </datafield>
  <datafield tag="505" ind1=" " ind2=" ">
    <subfield code="t">Indice </subfield>
    <subfield code="t">Presentaci&#xF3;n</subfield>
    <subfield code="r">Sof&#xED;a Soto-Maffioli, directora del MAC </subfield>
    <subfield code="t">El Jurado del Sal&#xF3;n Nacional de Artes Visuales 2017 </subfield>
    <subfield code="r">Herv&#xE9; Vanel, Katya Cazar</subfield>
    <subfield code="t">Acta del Jurado </subfield>
    <subfield code="t">Premios </subfield>
    <subfield code="t">Categor&#xED;a bidimensional </subfield>
    <subfield code="r">Sara Mata </subfield>
    <subfield code="t">Categor&#xED;a tridimensional </subfield>
    <subfield code="r">Luciano Goizueta </subfield>
    <subfield code="t">Categor&#xED;a otros medios </subfield>
    <subfield code="r">Javier Calvo </subfield>
    <subfield code="t">Menci&#xF3;n honor&#xED;fica </subfield>
    <subfield code="r">Jos&#xE9; Sancho </subfield>
    <subfield code="t">Obras seleccionadas </subfield>
    <subfield code="r">Alessandro Valerio </subfield>
    <subfield code="r">Fabrizio Arrieta </subfield>
    <subfield code="r">Guillermo Porras </subfield>
    <subfield code="r">Walter Hidalgo </subfield>
    <subfield code="r">Sara Calder&#xF3;n</subfield>
    <subfield code="r">Luis Tenorio (T E N O R I O)</subfield>
    <subfield code="r">Roberto Lizano </subfield>
    <subfield code="r">Andr&#xE9;s Murillo </subfield>
    <subfield code="r">Karen Clachar</subfield>
    <subfield code="r">Luciano Goizueta </subfield>
    <subfield code="r">Pablo Romero </subfield>
    <subfield code="r">Nina Bebout </subfield>
    <subfield code="r">Roberto Carter </subfield>
    <subfield code="r">Doreen B&#xE1;kit </subfield>
    <subfield code="r">Victoria Cabezas </subfield>
    <subfield code="r">Marcela Araya </subfield>
    <subfield code="r">Carolina Parra </subfield>
    <subfield code="r">David Garrigues </subfield>
    <subfield code="r">Rosella Matamoros </subfield>
    <subfield code="r">Cinthya Soto </subfield>
    <subfield code="r">Ariane Garnier </subfield>
    <subfield code="r">Jos&#xE9; Castillo </subfield>
    <subfield code="r">Roberto Guerrero </subfield>
    <subfield code="r">Gloriana Sol&#xED;s </subfield>
    <subfield code="r">Jos&#xE9; Aurelio Alvarez </subfield>
    <subfield code="t">Salas </subfield>
    <subfield code="t">Cr&#xE9;ditos institucionales </subfield>
  </datafield>
  <datafield tag="650" ind1=" " ind2=" ">
    <subfield code="x">arte contempor&#xE1;neo </subfield>
    <subfield code="x">arte - exhibiciones </subfield>
    <subfield code="x">Costa Rica </subfield>
    <subfield code="x">artes visuales</subfield>
    <subfield code="x">Sal&#xF3;n Nacional</subfield>
    <subfield code="x">MAC</subfield>
    <subfield code="9">7080</subfield>
  </datafield>
  <datafield tag="999" ind1=" " ind2=" ">
    <subfield code="c">1805</subfield>
    <subfield code="d">1805</subfield>
  </datafield>
  <datafield tag="952" ind1=" " ind2=" ">
    <subfield code="0">0</subfield>
    <subfield code="1">0</subfield>
    <subfield code="2">ddc</subfield>
    <subfield code="4">0</subfield>
    <subfield code="7">0</subfield>
    <subfield code="a">LV</subfield>
    <subfield code="b">LV</subfield>
    <subfield code="c">Eventos y Bienales</subfield>
    <subfield code="d">2019-07-04</subfield>
    <subfield code="l">0</subfield>
    <subfield code="o">700.74 SA175s</subfield>
    <subfield code="p">004792</subfield>
    <subfield code="r">2019-07-04 00:00:00</subfield>
    <subfield code="w">2019-07-04</subfield>
    <subfield code="y">01</subfield>
  </datafield>
</record>
